000 00797nas a2200253Ia 4500
001 R415/38239
003 IT-RoPAU
008 151124c99999999xx |||||||||||| ||und||
040 _aIT-RoPAU
040 _cIT-RoPAU
041 _aFRANCESE
100 _aChion Michel
_gCodice Aut. SPICS: 10243
210 _aMUSIQUE EN JEU
222 _aMusique En Jeu
245 _aMUSIQUE EN JEU (08) LES MUSIQUE ELECTRO-ACOUSTIQUES
_b20 Annees De Musique Electro-Acoustique Ou Une Quete D'Identite'
250 _a1a ed.
260 _aPARIS
_bSEUIL
_c1972
501 _bPaulus - SPICS - Società San Paolo EM (non-commercial uses only)
_cCopyright2015
300 _a10 p. [19-28]
362 _aVOL.08,
500 _aMusica-Elettroacustica
650 _aMUSICA
_vPUBBLICAZIONE PERIODICA
942 _cCR
999 _c182389
_d182389